000 00574nam a2200217Ia 4500
003 OSt
005 20260318155823.0
008 210210b1938 xxu||||| |||| 00| 0 eng d
040 _cAL
041 _aHindi
082 _a864/67
100 _aNAGENDRA
_dनागेंद्र
_9258874
245 _aSumitra nandan pant
_b सुमित्रा नंदन पंत
260 _aAgra
_b-
_c1938
650 _aSumitra
_9258875
650 _apant
_9258876
650 _anandan
_9258877
690 _aHindi Criticism
_9258878
906 _a023604
942 _2ddc
_cBK
999 _c148573
_d148573